Normal view
MARC view
- Broderick, Patricia C.
Entry Personal Name
001 - CONTROL NUMBER
- control field: 4064
003 - CONTROL NUMBER IDENTIFIER
- control field: NUST
005 - DATE AND TIME OF LATEST TRANSACTION
- control field: 20170823150511.0
008 - FIXED-LENGTH DATA ELEMENTS
- fixed length control field: 170823|| aca||aabn | a|a d
040 ## - CATALOGING SOURCE
- Original cataloging agency: NUST
- Transcribing agency: NUST
100 ## - HEADING--PERSONAL NAME
- Personal name: Broderick, Patricia C.
670 ## - SOURCE DATA FOUND
- Source citation: Work cat.: (NUST)0: Broderick, Patricia C., The life span :, c2010.
